Science Quiz

Random Science or Math Quiz

Quick Math Challenge III Quiz Stats

Quiz Updated Oct 17, 2012

Challenge
Share
Tweet
Embed
Score 0/27 Timer 02:00
0 Plays Today
Steps % Correct
x 654
98.8%
99
98.5%
- 1836
97.7%
1/3 of this12
97.2%
x 784
96.6%
3/4 of this63
92%
- 3528
91%
Triple it84
89%
9696
88.6%
Halve it = Answer42
88.5%
Halve it48
87.6%
5/8 of this30
81.7%
x 2.575
79.3%
- 3342
77.8%
Steps % Correct
÷ 67
76.8%
x by itself49
75.7%
+ 83132
71.6%
144144
58.6%
3/4 of this = Answer99
54.1%
7/9 of this112
38.1%
- 8725
34.6%
x by itself625
28.1%
- 287338
22.2%
Halve it169
19.5%
13
18.4%
x 15195
14.6%
60% of this = Answer117
9.7%

You're not logged in!

Compare scores with friends on all Sporcle quizzes.
Join for Free
OR
Log In

You Might Also Like...

Show Comments

Extras

Top Quizzes Today


Score Distribution

Your Account Isn't Verified!

In order to create a playlist on Sporcle, you need to verify the email address you used during registration. Go to your Sporcle Settings to finish the process.

Report this User

Report this user for behavior that violates our Community Guidelines.

Details: